000 01379nam a2200265Ia 4500
999 _c39697
_d39697
001 6300
003 GE_BSU
005 20191101123953.0
008 181216s2012||||ge |||||||||||||| ||geo||
020 _a9789941198663
040 _cGE_BSU
041 _ageo
080 _a27-36 წ-71
245 _aწმინდა გიორგი /
_cპროექტ. რედ. თამარ მამაცაშვილი; შემდგ. კახაბერ კენკიშვილი.
264 _aთბილისი :
_bპალიტრა L,
_c2012.
300 _a143 გვ.;
_b20 სმ.
490 _aსაქართველოს იმედი : ყველა წმინდანი, რომელთა შესახებაც უნდა იცოდე,
_xISSN 2298-0547
500 _aიბეჭდება სრ. საქ. კათოლიკოს-პატრიარქის ილია II-ის ლოცვა-კურთხევით
653 _aრელიგია
653 _a წმინდანთა ცხოვრება
653 _a სასწაულები
700 _aკენკიშვილი, კახაბერ
_eემდგენელი
_95210
700 _aმამაცაშვილი, თამარ
_eრედაქტორი
_92211
942 _cBK
_2udc